Szczegóły MARC21

Emozioni : l'altro lato del sapere = Emocje : druga strona wiedzy /

003 -Nazwa inst., której nr kontr. jest w polu 001 [,]
    • @
    • Nazwa instytucji, której n kontrolny jest w polu 001
    • NUKAT
005 -DATA I CZAS OSTATNIEJ MODYFIKACJI [,]
    • @
    • pole kontrolne
    • 20250701131828.0
020 -Międzynarod. znormalizowany nr książki - ISBN [ , ]
    • a
    • Numer ISBN
    • 9788893550437 Find
040 -Instytucja sporządzająca opis [ , ]
    • a
    • Instytucja, która sporządziła opis (NP)
    • SZCZ U/MC
    • b
    • Język katalogowania
    • pol
    • e
    • Zasady katalogowania
    • rda
    • c
    • Instytucja, która sporządziła rekord (NP)
    • SZCZ U/MCs
    • d
    • Instytucja, która zmodyfikowała rekord (P)
    • SZCZ U/MC
    • d
    • Instytucja, która zmodyfikowała rekord (P)
    • SZCZ U/AB
    • d
    • Instytucja, która zmodyfikowała rekord (P)
    • POZN U/KaKs
    • d
    • Instytucja, która zmodyfikowała rekord (P)
    • LUBL KUL/MP
041 -Język dokumentu [0, ]
    • a
    • Język tekstu (P)
    • włoski
    • a
    • Język tekstu (P)
    • angielski
    • a
    • Język tekstu (P)
    • niemiecki
    • a
    • Język tekstu (P)
    • polski
    • b
    • Język streszczeń lub abstraktu (P)
    • angielski
942 -Rodzaj dokumentu [ , ]
    • c
    • Rodzaj dokumentu
    • Książka
245 -Strefa tytułu i oznaczenia odpowiedzialności [0,0]
    • a
    • Tytuł
    • Emozioni : Find
    • b
    • Ciąg dalszy tytułu (NP)
    • l'altro lato del sapere = Emocje : druga strona wiedzy / Find
    • c
    • Pozostałe elementy strefy tytułu i oznaczenia odpowiedzialności (NP)
    • a cura di = pod redakcją Diana del Mastro, Wiesław Dyk.
246 -Wariant tytułu [3,1]
    • a
    • Tytuł (NP)
    • Emocje : druga strona wiedzy
260 -Strefa adresu wydawniczego [ , ]
    • a
    • Miejsce wydania (P)
    • Alberobello :
    • b
    • Nazwa wydawcy (P)
    • aga editrice,
    • c
    • Data wydania (P)
    • 2018.
300 -Strefa opisu fizycznego [ , ]
    • a
    • Określenie formy książki i/lub objętość (NP)
    • 298 stron :
    • b
    • Oznaczenie ilustracji (NP)
    • ilustracje ;
    • c
    • Format (NP)
    • 21 cm.
336 -Typ zawartości [ , ]
    • a
    • Termin opisujący typ zawartości
    • Tekst
    • b
    • Kod określający zawartość
    • txt
    • 2
    • Źródło (terminu i kodu)
    • rdacontent
337 -Typ mediów [ , ]
    • a
    • Tryb odtwarzania
    • Bez urządzenia pośredniczącego
    • b
    • Kod typu mediów
    • n
    • 2
    • Źródło (terminu i kodu)
    • rdamedia
338 -Typ/rodzaj nośnika [ , ]
    • a
    • Hasło opisujące typ nośnika
    • Wolumin
    • b
    • Kod typu nośnika
    • nc
    • 2
    • Źródło (terminu i kodu)
    • rdacarrier
490 -Strefa serii i książki wielotomowej - forma nie do wyszukiwania [1, ]
    • a
    • Tytuł (P)
    • L'Orizzonte ; Find
    • v
    • Numeracja (P)
    • 17
830 -Hasło dodatkowe serii i opisu książki wielotomowej - tytuł ujednolicony/tytuł [ ,2]
    • a
    • Tytuł ujednolicony/tytuł (NP)
    • L'Orizzonte
    • v
    • Oznaczenie tomu (NP)
    • 17
    • 9
    • KHW
    • 558308
504 -Uwaga dot. bibliogr. załącznikowej [ , ]
    • a
    • Uwaga dot. bibliografii załącznikowej
    • Bibliografia przy rozdziałach.
536 -Uwaga dot. finansowania książki [ , ]
    • a
    • Tekst uwagi
    • Questa monografia viene pubblicata con i fondi di ricwerca del Dipartimento di Italianistica e dell'Instituto di Filosofia dell'Universita degli Studi di Stetino
536 -Uwaga dot. finansowania książki [ , ]
    • a
    • Tekst uwagi
    • Monografia ta jest publikowana w wyniku wykorzystania środków finansowych na działalność naukową Katedry Italianistyki oraz Instytutu Filozofii Uniwersytetu Szczecińskiego
536 -Uwaga dot. finansowania książki [ , ]
    • a
    • Tekst uwagi
    • This monograph is published with the research funds of the Department of Italian Studies and the Institute of Philosophy of the University of Szczecin
546 -Uwaga dot. języka [ , ]
    • a
    • Uwaga dot. języka
    • Artykuły w języku angielskim, niemieckim, włoskim i polskim. Streszczenia w języku angielskim.
650 -Hasło przedmiotowe [ ,7]
    • a
    • Hasło przedmiotowe
    • Empatia.
    • 2
    • Źródło terminu
    • kaba
    • 9
    • KHW
    • 107684
650 -Hasło przedmiotowe [ ,7]
    • a
    • Hasło przedmiotowe
    • Emocje.
    • 2
    • Źródło terminu
    • kaba
    • 9
    • KHW
    • 107679
650 -Hasło przedmiotowe [ ,7]
    • a
    • Hasło przedmiotowe
    • Emocje i poznanie.
    • 2
    • Źródło terminu
    • kaba
    • 9
    • KHW
    • 180887
700 -Hasło dodatkowe - nazwa osobowa [1, ]
    • a
    • Nazwa osobowa (NP)
    • Del Mastro, Diana. Find
    • e
    • Określenie rodzaju współpracy
    • Redakcja
    • 9
    • KHW
    • 344331
700 -Hasło dodatkowe - nazwa osobowa [1, ]
    • a
    • Nazwa osobowa (NP)
    • Dyk, Wiesław Find
    • d
    • Daty biograficzne (NP)
    • (1952- ).
    • e
    • Określenie rodzaju współpracy
    • Redakcja
    • 9
    • KHW
    • 11465
920 -ISBN [ , ]
    • a
    • ISBN
    • 978-88-9355-043-7 Find
Numer inwentarzowy Lokalizacja Sygnatura Status udost. Data inwentaryzacji
P.29338BMWŁ. Kultura 1812022-04-29
H.34686BNS 12020-09-29
HM.223BNS -32021-05-28